000
00286nam a2200121Ia 4500
008
191201s2003 xx 000 0 und d
100
_a
CHADHA, Narender K
245
0
_a
Human Resource Management
260
_a
N. Delhi
_b
Shri Sai
_c
2003
300
_a
472
650
_a
MBA
942
_2
ddc
_c
BK
999
_c
216
_d
216